| Tag |
First Indicator |
Second Indicator |
Subfields |
| LEADER |
00000cas a2200000 4500 |
| 001 |
in00000054611 |
| 005 |
20151008052052.0 |
| 008 |
770113d19561957nyuuu 1uuua0eng d |
| 022 |
|
|
|a 0569-7921
|
| 035 |
|
|
|a (OCoLC)02675804
|
| 035 |
|
|
|9 AAH1517AM
|
| 040 |
|
|
|a COO
|c COO
|d NSD
|d UDI
|d TXA
|d UtOrBLW
|
| 049 |
|
|
|a TXAE
|
| 090 |
|
|
|a TA1
|b .A52322
|
| 110 |
2 |
|
|a ASCE Board of Direction.
|
| 222 |
|
0 |
|a Journal of the Board of Direction
|
| 245 |
1 |
0 |
|a Journal of the Board of Direction ;
|b proceedings of the American Society of Civil Engineers.
|
| 264 |
|
1 |
|a New York.
|b [publisher not identified] ;
|
| 300 |
|
|
|a 2 volumes ;
|c 22 cm.
|
| 336 |
|
|
|a text
|b txt
|2 rdacontent
|
| 337 |
|
|
|a unmediated
|b n
|2 rdamedia
|
| 338 |
|
|
|a volume
|b nc
|2 rdacarrier
|
| 362 |
0 |
|
|a v. 82-83; Dec. 1956-Dec. 1957.
|
| 580 |
|
|
|a Supersedes in part the Society's Proceedings, and continues its vol. numbering.
|
| 650 |
|
0 |
|a Engineering
|x Societies, etc.
|
| 650 |
|
0 |
|a Engineering
|x Vocational guidance
|x Societies, etc.
|
| 780 |
1 |
3 |
|a American Society of Civil Engineers.
|t Proceedings
|
| 785 |
0 |
2 |
|t Journal of professional activities, American Society of Civil Engineers
|
| 948 |
|
|
|a t1
|
| 999 |
|
|
|a MARS
|
| 999 |
f |
f |
|s 1e293754-dbb8-38d8-8fdc-daf7cb0dd5a7
|i 4512276f-d304-3ec4-a37a-e33d70021642
|t 0
|
| 952 |
f |
f |
|p ric
|a Texas A&M University
|b Rellis Campus
|c Joint Library Facility
|d Remote Storage
|t 0
|e TA1 .A52322
|h Library of Congress classification
|i unmediated -- volume
|k v.82-83
|l 1956-1957
|m A14841171029
|
| 998 |
f |
f |
|a TA1 .A52322
|s v.82-83 (1956-1957)
|t 0
|l Remote Storage
|